Chocolate and cheese /

Bibliographic Details
Main Author: Shteamer, Hank (Author)
Format: Book
Language:English
Published: New York : Bloomsbury Academic, [2013]
Series:33 1/3.
Subjects:

MARC

Tag First Indicator Second Indicator Subfields
LEADER 00000cam a2200000Ii 4500
001 in00003717621
005 20170216115251.0
008 110627r20132011nyua b 000 0deng d
035 |a (OCoLC)ocn865507322 
040 |a CPL  |b eng  |e rda  |c CPL  |d OCLCO  |d TXA 
020 |a 9780826431172 
020 |a 0826431178 
035 |a (OCoLC)865507322 
043 |a n-us--- 
050 4 |a ML421.W435  |b S58 2013 
049 |a TXAM 
100 1 |a Shteamer, Hank,  |e author. 
245 1 0 |a Chocolate and cheese /  |c Hank Shteamer. 
264 1 |a New York :  |b Bloomsbury Academic,  |c [2013] 
264 4 |c ©2011 
300 |a viii, 162 pages :  |b illustrations ;  |c 17 cm. 
336 |a text  |b txt  |2 rdacontent 
337 |a unmediated  |b n  |2 rdamedia 
338 |a volume  |b nc  |2 rdacarrier 
490 1 |a 33 1/3 ;  |v volume 79 
500 |a First published in 2011 by Continuum. 
504 |a Includes bibliographical references (pages 155-156). 
610 2 0 |a Ween (Musical group).  |t Chocolate and cheese. 
610 2 0 |a Ween (Musical group)  |x Criticism and interpretation. 
650 0 |a Rock music  |z United States  |y 1991-2000  |x History and criticism. 
775 0 8 |i Reproduction of (manifestation):  |a Shteamer, Hank.  |t Chocolate and cheese.  |d New York : Continuum, c2011  |w (DLC) 2011564228  |w (OCoLC)713346571 
830 0 |a 33 1/3. 
994 |a C0  |b TXA 
948 |a cataloged  |b h  |c 2017/2/16  |d c  |e nbehmer  |f 11:52:02 am 
999 f f |s 17f604a1-f2b4-398a-9c2a-84666fc1ce0d  |i 348bca2f-cd5c-37af-ba7c-a32632c7837f  |t 0 
952 f f |p normal  |a Texas A&M University  |b College Station  |c Sterling C. Evans Library  |s Evans stk  |d Evans: Library Stacks  |t 0  |e ML421.W435 S58 2013  |h Library of Congress classification  |i unmediated -- volume  |m A14813746758 
998 f f |a ML421.W435 S58 2013  |t 0  |l Evans: Library Stacks